GayelleThe Channel Launch.

This video is a documentary on the launch of Gayelle: The Channel, held at Rooftop, First Citizens bank, Queen's Park East, Port of Spain, January 20, 2001.

Bibliographic Details
Other Authors: (1940), Brigo (Performer), (1935), Mighty Sparrow (Performer), (1944), Ralph MacDonald (Performer), (1950), Robert Greenidge (Performer)
Format: Video
Language:English
Language Notes:In English.
Published: Trinidad and Tobago : Banyan Archive, 2001.
Subjects:
Online Access:Connect to this streaming video (Alexander Street Press)

MARC

Tag First Indicator Second Indicator Subfields
LEADER 00000cgm a2200000Mi 4500
001 in00005547813
006 m o c
007 cr |n||||||||a
007 vz |za|z|
008 210917s2001 xx 156 e o vneng d
005 20241201230341.3
035 |a (OCoLC)on1316060917 
040 |a Q2U  |b eng  |e rda  |c Q2U  |d DXU 
019 |a 1339139811  |a 1379432271  |a 1395692582 
035 |a (OCoLC)1316060917  |z (OCoLC)1339139811  |z (OCoLC)1379432271  |z (OCoLC)1395692582 
049 |a TXAM 
245 0 0 |a GayelleThe Channel Launch. 
264 1 |a Trinidad and Tobago :  |b Banyan Archive,  |c 2001. 
300 |a 1 online resource (156 minutes) 
306 |a 023540 
336 |a two-dimensional moving image  |b tdi  |2 rdacontent 
337 |a computer  |b c  |2 rdamedia 
337 |a video  |b v  |2 rdamedia 
338 |a online resource  |b cr  |2 rdacarrier 
347 |a video file  |2 rda 
520 |a This video is a documentary on the launch of Gayelle: The Channel, held at Rooftop, First Citizens bank, Queen's Park East, Port of Spain, January 20, 2001. 
500 |a Title from resource description page (viewed September 17, 2021). 
546 |a In English. 
650 4 |a Cultural anthropology. 
655 4 |a Documentary. 
700 1 |a (1940), Brigo,  |e performer. 
700 1 |a (1935), Mighty Sparrow,  |e performer. 
700 1 |a (1944), Ralph MacDonald,  |e performer. 
700 1 |a (1950), Robert Greenidge,  |e performer. 
856 4 0 |u http://proxy.library.tamu.edu/login?url=https://www.aspresolver.com/aspresolver.asp?MARC;3281106  |z Connect to this streaming video (Alexander Street Press)  |t 0 
955 |a Alexander Street Press subscription streaming video 
994 |a 92  |b TXA 
999 f f |s 206ebc86-8556-4c8c-945b-d255abfd5dc7  |i 99b02e9d-52bb-417f-a8e0-06585cd44ebe  |t 0 
952 f f |a Texas A&M University  |b College Station  |c Electronic Resources  |d Available Online  |t 0  |h Library of Congress classification 
998 f f |t 0  |l Available Online